000 00289nam a22001337a 4500
008 170628b xxu||||| |||| 00| 0 eng d
020 _a0534050522
041 _aeng
080 _a82
100 _a22
101 _aGJL
245 _aTHE PROMOTABLE WOMAN
_cRUFFINO.N.C
942 _2udc
_cBK
999 _c19416
_d19416